Propuesta de un Sistema Utilizando dispositivos móviles que permite la automatización de lista de compras.
Presenta la elaboración de una aplicación Web dinámica interactiva para el control de las listas de compras, debido a su diseño responsivo móvil o table. Esta aplicación, permite la automatización de los procesos relacionados a la lista de compras de la canasta básica, tales como alta de una...
| Main Authors: | , |
|---|---|
| Other Authors: | |
| Format: | Tesis Section = Libro |
| Language: | Undetermined Spanish |
| Published: |
Managua
UNI
2015
|
| Subjects: |
| LEADER | 01278nam a2200277Ia 4500 | ||
|---|---|---|---|
| 008 | 240830s9999 xx 000 0 und d | ||
| 040 | |a BIBLIOTECA-RUSB/ Mon 005.74 C149 | ||
| 041 | |a spa | ||
| 082 | |a Mon 005.74 C149 | ||
| 100 | 1 | |a Calero Lezama, Carlos José | |
| 100 | 1 | |b Morales López, Ronald Ernesto | |
| 245 | 1 | 0 | |a Propuesta de un Sistema Utilizando dispositivos móviles que permite la automatización de lista de compras. |
| 260 | |a Managua |b UNI |c 2015 | ||
| 300 | |a 62 p. :il. | ||
| 500 | |a Contiene: anexos. | ||
| 502 | |a Tesis (Ingeniero en Computación) - UNI, 2015. | ||
| 520 | 3 | |a Presenta la elaboración de una aplicación Web dinámica interactiva para el control de las listas de compras, debido a su diseño responsivo móvil o table. Esta aplicación, permite la automatización de los procesos relacionados a la lista de compras de la canasta básica, tales como alta de una nueva lista, edición de las mismas, registros y control personalizado de precios de cada item. | |
| 650 | 7 | |a SISTEMA WEB-DISEÑO | |
| 650 | 7 | |b PAGINA WEB | |
| 650 | 7 | |c BASES DE DATOS | |
| 650 | 7 | |d APLICACION WEB-AUTOMATIZACION | |
| 650 | 7 | |e SITIO WEB | |
| 700 | 1 | |a Tutor: |b Flores Quintana, Gloria Thalía | |
| 942 | |c BK |2 ddc | ||
| 991 | |a TESIS | ||
| 999 | |c 19759 | ||